000 00634nam a2200277Ia 4500
005 20260324143537.0
008 008 260324s9999 xx 000 0 eng d
020 _a9781003574934
037 _aEBOOK
040 _aCRL
040 _beng
040 _cCRL
041 _2eng
041 _aeng
084 _qCRL
100 _aJaacov Katan; James E. DeVay
_91216020
245 0 _aSoil Solarization
260 _bTaylor and Francis
260 _c1991
365 _a
365 _b720
856 _uhttp://www.taylorfrancis.com/books/9781003574934
942 _cEBOOK
999 _c1821549
_d1821549